000 00463nam a2200145Ia 4500
008 231217s9999 xx 000 0 und d
041 _aEnglish
082 _a332 BHA;1
100 _aBhatia, B S. Ed. Batra, G S. Ed.
245 0 _aManagement of capital markets, financial services and institutions
260 _c2000
_bNew Delhi : Deep and Deep,
300 _axiii+261
650 _aManagement,capital,markets,,financial,services,institutions
942 _cAA
999 _c169036
_d169036